| 000 | 00973nam a22002417a 4500 | ||
|---|---|---|---|
| 999 |
_c18491 _d18491 |
||
| 003 | AR-CdUCM | ||
| 008 | 190509b ||||| |||| 00| 0 spa d | ||
| 040 |
_aMUNICIPALIDAD PROVINCIAL DEL CUSCO _cBIBLIOTECA MUNICIPAL DEL CUSCO |
||
| 041 | _hge | ||
| 082 |
_a129.35 / _bH333 |
||
| 100 |
_aHartmann, Nicolai _937795 |
||
| 245 |
_aOntología : _aCategorías organologicas : _bIV. Filosofía de la naturaleza teórica especial de las categorías : _bV. El pensar teleológico / |
||
| 260 |
_aMéxico : _bFondo de Cultura Económica, _c1964. |
||
| 300 |
_a396 páginas ; _c22 cm. |
||
| 440 |
_aSección de obras de filosofía _931716 |
||
| 505 | _aContenido: El complexo orgánico -- La vida supraindividual -- Las filogenesis -- La predeterminación orgánica... | ||
| 650 |
_aOntología _915047 |
||
| 650 |
_aLas categorías _938019 |
||
| 650 |
_aCiencias sociales _91096 |
||
| 700 |
_aGaos, Jose (Traducción) _938020 |
||
| 942 |
_2ddc _cLIBROS |
||
| 945 |
_adavv _d2019-05-14 |
||